The darkest minds (Record no. 62672)
[ view plain ]
| 000 -LEADER | |
|---|---|
| fixed length control field | 00689nam a2200169 a 4500 |
| 008 - FIXED-LENGTH DATA ELEMENTS--GENERAL INFORMATION | |
| fixed length control field | 201117s2018 ||||||||||||||||| || u |
| 020 ## - INTERNATIONAL STANDARD BOOK NUMBER | |
| International Standard Book Number | 9781786540508 |
| 050 ## - LIBRARY OF CONGRESS CALL NUMBER | |
| Classification number | PZ 7.B6988 |
| 100 ## - MAIN ENTRY--PERSONAL NAME | |
| Personal name | Bracken, Alexandra |
| 245 14 - TITLE STATEMENT | |
| Title | The darkest minds |
| Statement of responsibility, etc. | By Alexandra Bracken |
| 260 ## - PUBLICATION, DISTRIBUTION, ETC. | |
| Place of publication, distribution, etc. | London |
| Name of publisher, distributor, etc. | Quercus Children's books |
| Date of publication, distribution, etc. | 2018 |
| 300 ## - PHYSICAL DESCRIPTION | |
| Extent | 517 pages |
| 350 ## - PRICE (NR) (BK AM CF MU VM SE) [OBSOLETE] | |
| Price | 23.55 |
| 650 ## - SUBJECT ADDED ENTRY--TOPICAL TERM | |
| Topical term or geographic name entry element | ENGLISH LANGUAGE |
| 995 ## - RECOMMENDATION 995 [LOCAL, UNIMARC FRANCE] | |
| -- | CBU-SCHOOL OF MEDICINE LIBRARY (Ndola) |
| -- | 28.55 |
| -- | 1 |
| -- | AVAILABLE |
| -- | Nov 20, 2020 |
| -- | Fiction Collection |
| 995 ## - RECOMMENDATION 995 [LOCAL, UNIMARC FRANCE] | |
| -- | CBU-MAIN LIBRARY (Kitwe) |
| -- | 23.55 |
| -- | 2 |
| -- | OUT |
| -- | Dec 10, 2020 |
| -- | Fiction Collection |
| Withdrawn status | Lost status | Source of classification or shelving scheme | Damaged status | Not for loan | Home library | Current library | Shelving location | Date acquired | Total Checkouts | Full call number | Barcode | Date last seen | Date last checked out | Price effective from | Koha item type | Total Renewals | Date due |
|---|---|---|---|---|---|---|---|---|---|---|---|---|---|---|---|---|---|
| CBU-MAIN LIBRARY, KITWE. | CBU-MAIN LIBRARY, KITWE. | 12/15/2022 | 9 | PZ 7.B6988 | 750510 | 05/06/2026 | 05/06/2026 | 12/15/2022 | MONOGRAPH | 2 | 05/20/2026 | ||||||
| CBU-SCHOOL OF MEDICINE LIBRARY, NDOLA. | CBU-SCHOOL OF MEDICINE LIBRARY, NDOLA. | 12/15/2022 | 5 | PZ 7.B6988 | 905207 | 09/11/2025 | 08/28/2025 | 12/15/2022 | MONOGRAPH |